00906nam a2200253 i 4500001001000000003000900010005001700019007000300036008004100039040003000080082001300110100004000123245011400163264005400277300004200331336002700373337003300400338002800433590002800461910000700489942001400496952012500510999001700635000032130DO-SdBNP20230915092436.0ta110712s19? mx 000 0 spa d aDO-SdBNPbspacBNPHUerda bG943222 aMolina Sena, Cristinaeautor98414213aGuía metodologica de educación intelectual /cCristina Molina Sena ; ilustraciones Carlos Mario Grullón aSanto Domingo bUNICEF ,c[fecha no identificada] a165 paginas. :bilustracionesc24 cm. 2rdacontentatextobtxt 2rdamediaasin mediaciónbn 2rdacarrieravolumenbnc aInventariado, 2023 / DG aDG 2ddccLBS1 00102ddc51708PDaBNPHUbBNPHUcCTd2023-09-15edonaciónl0oBNPHU PD G943p2023-5920r2023-09-15w2023-09-15yLBS1 c54768d54768